Match World Leaders #2 - Statistics

General Stats
  • This quiz has been taken 17 times
  • The average score is 125 of 160
Answer Stats
Question Tile Select % Correct
Were Assasinated No
100%
Were Assasinated No
100%
Were Assasinated No
100%
Were Assasinated No
100%
Were Assasinated No
100%
Were Assasinated No
100%
Were Assasinated No
100%
Were Assasinated No
100%
Were Assasinated No
100%
Were Assasinated Yes
92%
Committed Suicide No
92%
Committed Suicide No
92%
Committed Suicide No
92%
Committed Suicide No
92%
Committed Suicide No
92%
Committed Suicide No
92%
Committed Suicide No
92%
Committed Suicide No
92%
Committed Suicide No
92%
Committed Suicide No
92%
Committed Suicide No
92%
Committed Suicide No
92%
Committed Suicide No
92%
Were in power during WWII No
92%
Were in power during WWII No
92%
Were in power during WWII No
92%
Were in power during WWII No
92%
Were in power during WWII No
92%
Were in power during WWII No
92%
Were in power during WWII No
92%
Were in power during WWII No
92%
Were in power during WWII No
92%
Were in power during WWII No
92%
Came to power by coup No
92%
Came to power by coup No
92%
Came to power by coup No
92%
Came to power by coup No
92%
Came to power by coup No
92%
Came to power by coup No
92%
Were removed from office without being killed No
92%
Were removed from office without being killed No
92%
Were removed from office without being killed No
92%
Were removed from office without being killed No
92%
Had close relatives who were also heads of state No
92%
Had close relatives who were also heads of state No
92%
Had close relatives who were also heads of state No
92%
Had close relatives who were also heads of state No
92%
Had close relatives who were also heads of state No
92%
Are Muslim No
92%
Are Muslim No
92%
Are Muslim No
92%
Are Muslim No
92%
Are Muslim No
92%
Are Muslim No
92%
Are Muslim No
92%
Are Muslim No
92%
Are Muslim No
92%
Are Muslim No
92%
Are Muslim No
92%
Are Atheists No
92%
Are Atheists No
92%
Are Atheists No
92%
Are Atheists No
92%
Were under 40 when came into power No
92%
Were under 40 when came into power No
92%
Were under 40 when came into power No
92%
Were under 40 when came into power No
92%
Were Assasinated No
85%
Committed Suicide No
85%
Committed Suicide Yes
85%
Committed Suicide No
85%
Were in power during WWII Yes
85%
Were in power during WWII No
85%
Came to power by coup No
85%
Came to power by coup No
85%
Were removed from office without being killed No
85%
Were removed from office without being killed No
85%
Had close relatives who were also heads of state No
85%
Had close relatives who were also heads of state No
85%
Had close relatives who were also heads of state No
85%
Had close relatives who were also heads of state No
85%
Had close relatives who were also heads of state No
85%
Are Muslim No
85%
Are Muslim No
85%
Are Muslim Yes
85%
Are Atheists No
85%
Are Atheists No
85%
Are Atheists No
85%
Are Atheists No
85%
Are Atheists No
85%
Had no children No
85%
Had no children No
85%
Had no children No
85%
Had no children No
85%
Were under 40 when came into power No
85%
Were under 40 when came into power No
85%
Were under 40 when came into power No
85%
Were under 40 when came into power No
85%
Were under 40 when came into power No
85%
Were Assasinated Yes
77%
Were Assasinated No
77%
Came to power by coup No
77%
Were removed from office without being killed No
77%
Were removed from office without being killed No
77%
Had close relatives who were also heads of state No
77%
Are Atheists No
77%
Are Atheists No
77%
Had no children No
77%
Had no children No
77%
Had no children No
77%
Had no children No
77%
Were under 40 when came into power No
77%
Were in power during WWII Yes
69%
Came to power by coup No
69%
Came to power by coup No
69%
Came to power by coup No
69%
Were removed from office without being killed No
69%
Are Muslim Yes
69%
Had no children No
69%
Had no children No
69%
Had no children No
69%
Had no children No
69%
Were under 40 when came into power Yes
69%
Were in power during WWII Yes
62%
Came to power by coup No
62%
Came to power by coup Yes
62%
Were removed from office without being killed Yes
62%
Were removed from office without being killed Yes
62%
Were removed from office without being killed No
62%
Had close relatives who were also heads of state Yes
62%
Had close relatives who were also heads of state No
62%
Had close relatives who were also heads of state Yes
62%
Are Atheists No
62%
Had no children Yes
62%
Were under 40 when came into power No
62%
Were in power during WWII Yes
54%
Came to power by coup No
54%
Came to power by coup No
54%
Had close relatives who were also heads of state Yes
54%
Are Atheists Yes
54%
Are Atheists Yes
54%
Had no children No
54%
Had no children No
54%
Were Assasinated Yes
46%
Were removed from office without being killed Yes
46%
Had no children No
46%
Were under 40 when came into power Yes
46%
Were Assasinated Yes
38%
Were Assasinated Yes
38%
Were removed from office without being killed No
38%
Had close relatives who were also heads of state Yes
38%
Were in power during WWII Yes
31%
Were removed from office without being killed No
31%
Were removed from office without being killed No
31%
Are Atheists No
31%
Were under 40 when came into power Yes
31%
Are Muslim Yes
23%
Are Atheists Yes
23%
Were under 40 when came into power Yes
23%
Were under 40 when came into power Yes
8%
No matching quizzes found
Score Distribution
Percent of People with Each Score
Percentile by Number Answered
Your Score History
You have not taken this quiz